000 01547cam a2200337 a 4500
001 15824511
003 OSt
005 20160601124005.0
008 090720s2009 vaua b 001 0 eng
010 _a 2009028551
020 _a9781416608837 (pbk.)
035 _a(OCoLC)ocn427704452
040 _aDLC
_cDLC
_dYDX
_dCDX
_dSINIE
_dYDXCP
_dDLC
050 0 0 _aLB 1032
_b.F78 2009
082 _aGLT 371.36
_bF87 2009
100 1 _aFrey, Nancy,
_d1959-
_922356
245 1 0 _aProductive group work :
_bhow to engage students, build teamwork, and promote understanding /
_cNancy Frey, Douglas Fisher [and] Sandi Everlove.
260 _aAlexandria, Va. :
_bASCD,
_c2009.
300 _a127 p. :
_bill. ;
_c23 cm.
504 _aIncludes bibliographical references (p. 116-120) and index.
505 0 _aDefining productive group work -- Using positive interdependence -- Promoting face-to-face interaction -- Ensuring individual and group accountability -- Building interpersonal and small-group skills -- Incorporating group processing -- Getting started: questions and answers.
650 0 _aGroup work in education.
_919773
650 0 _aTeam learning approach in education.
_922357
650 0 _aActive learning.
_922358
700 1 _aFisher, Douglas,
_d1965-
_922359
700 1 _aEverlove, Sandi.
_922360
906 _a7
_bcbc
_corignew
_d1
_eecip
_f20
_gy-gencatlg
942 _2lcc
_cBK
999 _c12490
_d12490